| 000 | 00695nam a22002537a 4500 | ||
|---|---|---|---|
| 003 | CHAP | ||
| 005 | 20220817041327.0 | ||
| 008 | 971013s1981 r 00010 d | ||
| 010 | _a11316 | ||
| 011 | _a12288 | ||
| 035 | _a14862 | ||
| 040 | _cCHAP | ||
| 090 | _aFolleto 18123 | ||
| 110 | 1 | _aUACH | |
| 245 | 1 | _aReglamento académico de alumnos | |
| 260 |
_aChapingo, Méx. : _bLa Universidad, _c1981 |
||
| 300 | _a40 p. | ||
| 590 |
_aBATCH-UPD _b10 _c20130110 _lUCH01 _h2025 |
||
| 590 |
_aCONVERSION _b10 _c20130109 _lUCH01 _h1307 |
||
| 650 | 1 | 4 |
_aUniversidades _xLeyes. _9116653 |
| 901 | _aBK | ||
| 942 | _cFOLL | ||
| 949 |
_aFolleto 18123 _bBC _cFOLL _d33724002317074 _eTS1 _gDonaciØn _i14862 _sb |
||
| 999 |
_c11316 _d11316 |
||